Normal view
MARC view
- Johri, B M
Entry Personal Name
001 - CONTROL NUMBER
- control field: 1524
003 - CONTROL NUMBER IDENTIFIER
- control field: OSt
005 - DATE AND TIME OF LATEST TRANSACTION
- control field: 20160926111233.0
008 - FIXED-LENGTH DATA ELEMENTS
- fixed length control field: 160926|| aca||aabn | a|a d
040 ## - CATALOGING SOURCE
- Original cataloging agency: OSt
- Transcribing agency: OSt
100 ## - HEADING--PERSONAL NAME
- Personal name: Johri, B M
670 ## - SOURCE DATA FOUND
- Source citation: Work cat.: (OSt)11984: Umrao, Singh . 1522, Dictionary of Economic Plants in India / , 1996.
